One Piece de A à Z - Statistiques

Statistiques générales
  • Ce quiz a été pris 4 472 fois
  • Le résultat moyen est 17 sur 26
Statistiques - réponses
Lettre Indice Réponse % Correct
L Personnage principal de l’œuvre. Luffy
94%
N Navigatrice des chapeaux de pailles. Nami
93%
K Un E qui a le pouvoir de se transformer dragon. Kaido
85%
V Scientifique de génie ayant un avance de 500 ans sur son temps. Vegapunk
84%
A L'être que N déteste le plus. Arlong
83%
C Groupe de sept pirates qui ont été dissous pendant la rêverie. Corsaire
83%
W Mot écrit sur les avis de recherches. Wanted
83%
Z Type de fruit de démon qui permet à son utilisateur de se transformer en animal. Zoan
83%
J Personnage mystérieux qui aurait vécu il y a 800 ans. Joyboy
80%
B Le plus grand fan de L. Bartoloméo
79%
E Les plus puissants pirates du Nouveau Monde. Empereur
79%
D Île natale de Chopper. Drum
75%
X Nom de Famille de Drake X
74%
Y Personnage qui voue une grande admiration pour Oden Yamato
73%
O Île ou à lieu la guerre contre K. Onigashima
72%
T Studio qui adapte One Piece en animé. Toei Animation
64%
P Arme humaine crée par V. Pacifista
63%
U Antagoniste dans le film: One Piece Red. Uta
62%
R Ninja faisant partie des fourreaux rouges. Raizo
54%
Q Est associé à la pandémie. Queen
50%
M Nom donné au fluide perceptif par les habitants des îles célestes. Mantra
49%
S Unité secrète de la marine. SWORD
44%
G Vrai nom de Mr. 3. Galdino
34%
F Le fruit qu'Ener a mangé (nom en français). Fulguro-Fruit
33%
I Prénom de l'acteur qui interprète L. dans le live action. Iñaki
28%
H Forme de Cavendish quand il dort. Hakuba
20%
Aucun quiz correspondant
Distribution des résultats
% des personnes avec chaque résultat
Percentile par nombre de réponses
Votre historique - résultats
Vous n’avez pas pris ce quiz